000 01366nam a2200337 ia4500
003 OSt
005 20231212125109.0
008 231212s2023 my gr 000 0 may d
020 _a9789672756040
_qpaperback
_cRM 30.00
040 _aPPAK
_beng
_cPPAK
_erda
082 0 4 _a297.1224045
_223
090 0 0 _a297.1224045
_bSPO
_dG
245 0 0 _aSpot On Battle Huffaz.
_nJilid III /
_cPENYUSUN : DR. INTAN ZAKIAH JAMALUDDIN ; KATA ALUAN: DATUK DR. ZULKIFLI MOHAMAD AL-BAKRI ; KATA PENGANTAR: USTAZ EHSAN BIN MOHD HOSNI, USTAZ MOHD NADZRI ABDULLAH.
264 1 _aBanting, Selangor :
_bRaushan Press,
_c2023
300 _a119 pages ;
_c23 cm
336 _atext
_2rdacontent
337 _aunmediated
_2rdamedia
338 _avolume
_2rdacarrier
500 _aContains verses from Qur’an and quotes from the Hadith.
630 0 _aQur'an
_xMemorizing
_xStudy and teaching
630 0 _aQur'an
_xMemorizing
630 0 _aQur'an
_xRecitation
630 0 _aQur'an
_xRecitation
_xStudy and teaching
650 2 0 _aHafiz
650 2 0 _aTeaching
_xMethodology
700 0 _aIntan Zakiah Jamaluddin,
_cDr.,
_ecompiler.
700 0 _aZulkifli Mohamad Al-Bakri,
_cDatuk. Dr.,
_ewelcoming notes author.
700 0 _aEhsan Bin Mohd Hosni,
_cUstaz,
_eforeword author.
700 0 _aMohd Nazri Abdullah,
_cUstaz,
_eforeword author.
942 _2ddc
_cB
999 _c193970
_d193970